LEADER 01092nam a22002531i 4500 001 991001944169707536 005 20040109120011.0 008 040407s1997 it |||||||||||||||||eng 035 $ab12847070-39ule_inst 035 $aARCHE-082669$9ExL 040 $aDip.to Scienze Storiche$bita$cA.t.i. Arché s.c.r.l. Pandora Sicilia s.r.l. 082 04$a333.79 100 1 $aMorana, Claudio$0121352 245 10$aSubstitution possibilities for energy in the italian economy :$ba general to specific econometric analysis /$cClaudio Morana 260 $aMilano :$bFondazione ENI Enrico Mattei,$c1997 300 $a1 v. ;$c21 cm 440 0$aNote di lavoro della Fondazione ENI Enrico Mattei ;$v94.97 651 4$aItalia$xPolitica energetica 907 $a.b12847070$b02-04-14$c16-04-04 912 $a991001944169707536 945 $aLE009 GEOG.COLL.14D/94$g1$i2009000310896$lle009$o-$pE0.00$q-$rl$s- $t0$u0$v0$w0$x0$y.i13402389$z16-04-04 996 $aSubstitution possibilities for energy in the italian economy$9302219 997 $aUNISALENTO 998 $ale009$b16-04-04$cm$da $e-$feng$git $h0$i1 LEADER 00897nam 2200289Ia 450 001 996384073103316 005 20221108023208.0 035 $a(CKB)1000000000595740 035 $a(EEBO)2248501181 035 $a(OCoLC)08781012 035 $a(EXLCZ)991000000000595740 100 $a19820916d1674 uy | 101 0 $aeng 135 $aurbn||||a|bb| 200 10$aMacbeth$b[electronic resource] $ea tragedy : with all the alterations, amendments, additions, and new songs, as it is now acted at the Dukes Theatre 210 $aLondon $cPrinted for A. Clark$d1674 215 $a[2], 60 p 300 $aReproduction of original in the Harvard University Library. 330 $aeebo-0062 700 $aShakespeare$b William$f1564-1616.$0132200 801 0$bEEU 801 1$bEEU 801 2$bWaOLN 906 $aBOOK 912 $a996384073103316 996 $aMacbeth$913137 997 $aUNISA